|
|
|
|
| LEADER |
00000naa2a2200000 4500 |
| 001 |
154976 |
| 005 |
20231031152143.0 |
| 035 |
|
|
|a (RuTPU)RU\TPU\book\168089
|
| 090 |
|
|
|a 154976
|
| 100 |
|
|
|a 20090307d2008 k y0rusy50 ca
|
| 101 |
0 |
|
|a rus
|
| 102 |
|
|
|a RU
|
| 200 |
1 |
|
|a Проблемы мониторинга социально-трудовой сферы в России
|f О. А. Игнатьева, Г. А. Алёхина
|
| 320 |
|
|
|a Библиогр.: 4 назв.
|
| 463 |
|
0 |
|0 (RuTPU)RU\TPU\book\161559
|t Экономика России в XXI веке
|o сборник научных трудов V Всероссийской научно-практической конференции "Теоретические проблемы экономической безопасности России в XXI веке", Томск, 2008
|f Томский политехнический университет (ТПУ), Инженерно-экономический факультет, Кафедра экономики; под ред. Г. А. Барышевой
|v С. 274-276
|d 2008
|p 377 с.
|
| 610 |
1 |
|
|a экономика
|
| 610 |
1 |
|
|a производство
|
| 610 |
1 |
|
|a социальная инфраструктура
|
| 610 |
1 |
|
|a население
|
| 610 |
1 |
|
|a социально-трудовая сфера
|
| 610 |
1 |
|
|a трудовые отношения
|
| 610 |
1 |
|
|a мониторинг
|
| 610 |
1 |
|
|a занятость
|
| 610 |
1 |
|
|a рынок труда
|
| 610 |
1 |
|
|a управление
|
| 610 |
1 |
|
|a управленческий мониторинг
|
| 610 |
1 |
|
|a сбор информации
|
| 610 |
1 |
|
|a труды учёных ТПУ
|
| 700 |
|
1 |
|a Игнатьева
|b О. А.
|
| 701 |
|
1 |
|a Алёхина
|b Г. А.
|
| 801 |
|
1 |
|a RU
|b 63413507
|c 20090307
|g PSBO
|
| 801 |
|
2 |
|a RU
|b 63413507
|c 20130206
|g RCR
|
| 942 |
|
|
|c BK
|